| 000 | 00721nam a2200205Ia 4500 | ||
|---|---|---|---|
| 003 | 0 | ||
| 005 | 20250130143933.0 | ||
| 008 | 150126s9999 xx 000 0 und d | ||
| 050 |
_aPHS GV 706.4 _b.En59 2014 |
||
| 100 | _aEnomoto, Saki. | ||
| 245 |
_aSelf-esteem and self-confidence of varsity players / _cSaki Enomoto. |
||
| 260 |
_aLas PiƱas City, Philippines : _bSouthville International School and Colleges, _c2014. |
||
| 300 |
_a27 pages : _billustration ; _c28 cm. |
||
| 504 | _aIncludes bibliographical references. | ||
| 650 | _aSelf-esteem in athletes. | ||
| 650 |
_aSelf-confidence _vPsychological aspects. |
||
| 650 | _aSports psychology. | ||
| 650 |
_aAthletes _vPsychological aspects. |
||
| 942 |
_2lcc _cPASS |
||
| 999 |
_c278699 _d278699 |
||